000 00673nam a2200217 i 4500
001 18736
003 ES-MaACL
005 20250924165253.0
007 t|
008 020311s1998 sp ||||1| spa d
080 _a061.27(460.27 M.)
080 _a159.9 Jung, C.G.
245 0 0 _aFundación Carl Gustav Jung.
260 _aMadrid :
_bFundación Carl Gustav Jung de España,
_c1998.
300 _a59 p. :
_b1 retr. ;
_c24 cm.
600 1 4 _aJung, Carl G.,
_d1875-1961
_967282
610 2 7 _aFundación Carl Gustav Jung de España.
_94245
710 2 _aFundación Carl Gustav Jung de España.
_94245
852 _aES-MaACL
_jL-25313
_bR.130308
999 _c18736
_d18736